Statistics for The Trials of Apollo Book #2

Click here to take the quiz!

General Stats

  • This quiz has been taken 262 times
  • The average score is 11 of 15

Answer Stats

QuestionAnswer% Correct
Which technology did Apollo, Leo, and Calypso went with to the Waystation?Festus
89%
Who did Apollo lost in the Grove of Dodona?Meg McCaffrey
86%
Who was Meg's trusty sidekick?Peaches
82%
What is the title of this book? Who wrote it?The Dark Prophecy- Rick Riordan
82%
Who/what did Apollo and Meg rescued?Griffins
81%
Which emperor has Apollo dated and killed when he was a god?Commodus
75%
What was Lester trying to find on board of Commodus' boats?The Throne of Memory
74%
Whose boats did Apollo went on?Commodus
72%
Which emperor did Apollo nearly killed?Commodus
66%
Who was mistakenly thought as Apollo's child?Georgina
66%
Which oracle did Apollo encountered and freed?Trophonius
64%
Who did Meg summoned at the end of the book?Grover Underwood
60%
Which mythological creature did Meg summoned at the end?Satyr
57%
What godly-strength has Apollo been able to restore for a second?His true form
53%
General Question: Why was Apollo punished by Zeus to become Lester?Apolo being Octavian's father
42%

Score Distribution

Percentile by Number Answered

Percent of People with Each Score

Your Score History

You have not taken this quiz